Základní formy strachu : Typy lidské osobnosti, jejich vztah, charakteristiky a formy vztahů / Fritz Riemann
Record details
- ISBN: 978-80-262-0400-8
- Physical Description: 200 s.
- Edition: Vyd. 4
- Publisher: Praha : Portál , 2013.
Search for related items by subject
| Subject: | strach typologie osobnosti psychopatologie studie |
Search for related items by series
Available copies
- 1 of 1 copy available at Common Catalog SPOK.
Holds
- 0 current holds with 1 total copy.
Show Only Available Copies
| Location | Call Number / Copy Notes | Barcode | Shelving Location | Status | Due Date |
|---|---|---|---|---|---|
| ETS Library | 616.89 | 424470017820 | Volný výběr | Available | - |
| LDR | nam a22 i 4500 | ||
|---|---|---|---|
| 001 | 46615 | ||
| 003 | CZ-PrJAB | ||
| 005 | 20200607101324.0 | ||
| 007 | ta | ||
| 008 | s xr e 000 0 cze | ||
| 020 | . | ‡a978-80-262-0400-8 | |
| 040 | . | ‡aABG450 ‡bcze ‡erda | |
| 072 | 7. | ‡2Konspekt | |
| 082 | 1 | 4. | ‡a616.89 |
| 100 | 1 | . | ‡aRiemann, Fritz |
| 245 | 1 | 0. | ‡aZákladní formy strachu : ‡bTypy lidské osobnosti, jejich vztah, charakteristiky a formy vztahů / ‡nFritz Riemann |
| 250 | . | ‡aVyd. 4 | |
| 264 | 1. | ‡a Praha : ‡bPortál , ‡c2013. | |
| 300 | . | ‡a200 s. | |
| 336 | . | ‡atext ‡btxt ‡2rdacontent | |
| 338 | . | ‡asvazek ‡bnc ‡2rdacarrier | |
| 490 | 1 | . | ‡aEdice Spektrum |
| 650 | 7. | ‡astrach | |
| 650 | 7. | ‡atypologie osobnosti | |
| 650 | 7. | ‡apsychopatologie | |
| 650 | 7. | ‡astudie | |
| 910 | . | ‡aABG450 | |
| 901 | . | ‡a46615 ‡b ‡c46615 ‡tbiblio | |